El oficio de sociólogo (Registro nro. 3579)

Detalles MARC
000 -LEADER
fixed length control field 00960 a2200253 4500
001 - CONTROL NUMBER
control field 42243
005 - DATE AND TIME OF LATEST TRANSACTION
control field 20260407155712.0
008 - FIXED-LENGTH DATA ELEMENTS--GENERAL INFORMATION
fixed length control field 260407a2004 arg spa d
003 - CONTROL NUMBER IDENTIFIER
control field AR-UNSa-BCEJYS
040 ## - CATALOGING SOURCE
Original cataloging agency AR-UNSa-BCEJYS
Language of cataloging spa
Transcribing agency AR-UNSa-BCEJYS
080 ## - UNIVERSAL DECIMAL CLASSIFICATION NUMBER
Universal Decimal Classification number 165
Common auxiliary subdivision Teoría del conocimiento. Epistemología
020 ## - INTERNATIONAL STANDARD BOOK NUMBER
International Standard Book Number 987-1105-10-x
041 ## - LANGUAGE CODE
Language code of text/sound track or separate title spa
100 1# - MAIN ENTRY--PERSONAL NAME
Personal name Chamboredon, Jean-Claude
245 10 - TITLE STATEMENT
Title El oficio de sociólogo
Name of part/section of a work presupuestos epistemológicos
250 ## - EDITION STATEMENT
Edition statement 2a. ed.
264 #1 - PRODUCTION, PUBLICATION, DISTRIBUTION, MANUFACTURE, AND COPYRIGHT NOTICE
Place of production, publication, distribution, manufacture Buenos Aires :
Name of producer, publisher, distributor, manufacturer Siglo XXI Editores Argentina
Date of production, publication, distribution, manufacture, or copyright notice 2004
300 ## - PHYSICAL DESCRIPTION
Extent 372 p.
Dimensions 21 cm.
505 ## - FORMATTED CONTENTS NOTE
Formatted contents note 1. Introducción: epistemología y metodología - 2. La ruptura - 3. La construcción del objeto - 4. Sociología del conocimiento y epistemología - 5. La ruptura - 6. La construcción del objeto - 3. El racionalismo aplicado
590 ## - LOCAL NOTE (RLIN)
Local note niveau_biblio:m niveau_hierar:0
700 1# - ADDED ENTRY--PERSONAL NAME
Personal name Bourdieu, Pierre
700 1# - ADDED ENTRY--PERSONAL NAME
Personal name Passeron, Jean-Claude
942 ## - ADDED ENTRY ELEMENTS (KOHA)
Koha item type
Existencias
Withdrawn status Lost status Damaged status Not for loan Home library Current library Shelving location Date acquired Total checkouts Full call number Barcode Date last seen Price effective from Koha item type
        Biblioteca Prof. Eusebio Cleto del Rey Biblioteca Prof. Eusebio Cleto del Rey   07/04/2026   165 B768 2ed. L87941 07/04/2026 07/04/2026 Libro
        Biblioteca Prof. Eusebio Cleto del Rey Biblioteca Prof. Eusebio Cleto del Rey   07/04/2026   165 B768 2ed. L87942 07/04/2026 07/04/2026 Libro
        Biblioteca Prof. Eusebio Cleto del Rey Biblioteca Prof. Eusebio Cleto del Rey   07/04/2026   165 B768 2ed. L87943 07/04/2026 07/04/2026 Libro